AFL - Top 30 Goals Scored Since 2000 - Statistics

General Stats
  • This quiz has been taken 30 times
  • The average score is 20 of 30
Answer Stats
Rank Goals Answer % Correct
3 787 Jack Riewoldt
100%
1 1066 Lance Franklin
100%
5 718 Nick Riewoldt
100%
2 796 Tom Hawkins
96%
9 648 Jeremy Cameron
93%
10 641 Taylor Walker
82%
11 640 Eddie Betts
79%
13 594 Jonathan Brown
79%
8 681 Matthew Lloyd
79%
22 462 Tom Lynch
79%
4 723 Josh Kennedy
75%
6 700 Matthew Pavlich
71%
27 445 Gary Ablett Jr.
68%
19 480 Jack Gunston
68%
16 549 Luke Breust
68%
14 578 Jarryd Roughead
64%
30 426 Matthew Richardson
64%
18 516 Steve Johnson
64%
23 456 Brad Johnson
61%
12 623 Brendan Fevola
61%
17 532 Jack Darling
61%
15 574 Stephen Milne
61%
25 452 Travis Cloke
61%
26 445 Adam Goodes
50%
7 683 Barry Hall
50%
20 476 Warren Tredrea
46%
21 470 Daniel Bradshaw
43%
28 444 Drew Petrie
36%
24 452 Brent Harvey
32%
29 441 Mark LeCras
32%
No matching quizzes found
Score Distribution
Percent of People with Each Score
Percentile by Number Answered
Your Score History
You have not taken this quiz